[Event "Tri Buki Children's CupT 2nd"]
[Site "Tri Buki"]
[Date "2017.02.04"]
[Round "1.3"]
[White "Eftovski, Mateo"]
[Black "Tsvetkov, Hristiyan"]
[Result "1-0"]
[WhiteElo "1425"]
[BlackElo "1271"]
[PlyCount "41"]
[EventDate "2017.02.04"]
[EventType "team-swiss"]
[EventRounds "6"]
[EventCountry "BUL"]
[SourceTitle "CBM 176 Extra"]
[Source "ChessBase"]
[SourceDate "2017.03.02"]
[SourceVersion "1"]
[SourceVersionDate "2017.03.02"]
[SourceQuality "1"]
[WhiteTeam "Skopje"]
[BlackTeam "An Passant III"]
[WhiteTeamCountry "MKD"]
[BlackTeamCountry "BUL"]

1. d4 Nf6 2. c4 c5 3. d5 d6 4. Nc3 g6 5. e4 Bg7 6. Bd3 Nbd7 7. Nf3 a6 8. 0-0 Ng4 9. Ng5 Nge5 10. f4 Nxd3 11. Qxd3 0-0 12. h4 h6 13. Nh3 e6 14. Qg3 Nb6 15. b3 Bxc3 16. Qxc3 Qxh4 17. Bb2 f6 18. dxe6 Bxe6 19. f5 Bf7 20. Rf4 Qh5 21. Qxf6 1-0

[Event "Tri Buki Children's CupT 1st"]
[Site "Tri Buki"]
[Date "2016.02.05"]
[Round "3.4"]
[White "Tsvetkov, Hristiyan"]
[Black "Ilieva, Ralitsa"]
[Result "1-0"]
[WhiteElo "1423"]
[BlackElo "1309"]
[PlyCount "57"]
[EventDate "2016.02.04"]
[EventType "team-swiss"]
[EventRounds "6"]
[EventCountry "BUL"]
[SourceTitle "CBM 170 Extra"]
[Source "ChessBase"]
[SourceDate "2016.02.25"]
[SourceVersion "1"]
[SourceVersionDate "2016.02.25"]
[SourceQuality "1"]

1. e4 e6 2. d4 d5 3. e5 c5 4. c3 Nc6 5. Nf3 Be7 6. Be2 f6 7. Bf4 Qb6 8. Qc2 cxd4 9. cxd4 Nxd4 10. Qd2 Nxf3+ 11. Bxf3 Bb4 12. Nc3 d4 13. 0-0 dxc3 14. bxc3 Ba5 15. Rab1 Qc5 16. Bxb7 Bxb7 17. Rxb7 Rd8 18. Qe2 Ne7 19. exf6 gxf6 20. Qxe6 Bxc3 21. Rfb1 Bd4 22. Rb8 Bxf2+ 23. Kh1 Bd4 24. Rxd8+ Kxd8 25. Bd6 Qxd6 26. Qxd6+ Ke8 27. Qxd4 Kf7 28. h3 Rc8 29. Rb7 1-0